000 00228nam a2200097Ia 4500
008 220204s9999 xx 000 0 und d
082 _a362.54
_bFOO
245 0 _aDevelopment through food
260 _aRome
_bFAO
_c1962
942 _cBK
999 _c19752
_d19752